00393 2200157 4500245007300000020002200073250001100095100001500106650001600121005001900137260002500156041001400181084000800195300002300203336000900226 a11 .11 b : ( I Wished for you , by the way ... )cYourkidleehText a978-623-90534-0-6 aCet. 2 aYourkidlee aNovel Fiksi a20230112084719 aDepokbReynarac2019 aIndonesia a813 a288 hlm. :c20 cm. atext